文字数よりスペル数の方が少ない駅名 - Statistics

General Stats
  • This quiz has been taken 49 times
    33 since last reset
  • The average score is 10 of 32
Answer Stats
Hint Answer ふりがな ローマ字 % Correct
東京都 十条 じゅうじょう JŪJŌ
67%
京都府 十条 じゅうじょう JŪJŌ
67%
京都府 十条 じゅうじょう JŪJŌ
67%
愛知県 大江 おおえ ŌE
59%
京都府 大江 おおえ ŌE
59%
茨城県 十王 じゅうおう JŪŌ
44%
大阪府 十三 じゅうそう JŪSŌ
41%
広島県 東城 とうじょう TŌJŌ
41%
岡山県 上道 じょうとう JŌTŌ
37%
群馬県 城東 じょうとう JŌTŌ
33%
京都府 城陽 じょうよう JŌYŌ
33%
愛知県 安城 あんじょう ANJŌ
30%
愛知県 東上 とうじょう TŌJŌ
30%
大阪府 JR難波 じぇいあーるなんば JR NAMBA
30%
山梨県 常永 じょうえい JŌEI
26%
福岡県 大野城 おおのじょう ŌNOJŌ
22%
山梨県 竜王 りゅうおう RYŪŌ
22%
大阪府 JR淡路 じぇいあーるあわじ JR AWAJI
22%
奈良県 JR五位堂 じぇいあーるごいどう JR GOIDŌ
22%
大阪府 JR総持寺 じぇいあーるそうじじ JR SŌJIJI
22%
大阪府 JR長瀬 じぇいあーるながせ JR NAGASE
22%
大阪府 JR野江 じぇいあーるのえ JR NOE
22%
神奈川県 YRP野比 わいあーるぴーのび YRP NOBI
22%
岐阜県 十九条 じゅうくじょう JŪKUJŌ
19%
兵庫県 道場 どうじょう DŌJŌ
19%
京都府 JR小倉 じぇいあーるおぐら JR OGURA
19%
奈良県 坊城 ぼうじょう BŌJŌ
15%
三重県 明星 みょうじょう MYŌJŌ
15%
栃木県 龍王峡 りゅうおうきょう RYŪŌKYŌ
15%
鹿児島県 伊集院 いじゅういん IJŪIN
11%
埼玉県 大麻生 おおあそう ŌASŌ
7%
青森県 大蛇 おおじゃ ŌJA
7%
No matching quizzes found
Score Distribution
Percent of People with Each Score
Percentile by Number Answered
Your Score History
You have not taken this quiz since the last reset